000 00578nam a22001697a 4500
005 20260424161349.0
008 260424b |||||||| |||| 00| 0 eng d
020 _a9780256076257
050 _aTS155 SIM
100 _aChase, Richard B.
245 _aStudy Guide and Lotus Templates for the use with Production and Operations Management
_ba life cycle approach
_cRichard B. Chase & Nicholas J. Aquilano
250 _a5th ed.
260 _aHomewood, IL
_aBoston, MA
_bIrwin
_c1989
300 _a378p.
_bill.
_c28cm
700 _aAquilano, Nicholas J.
942 _2lcc
_cBK
_e5th ed.
_n0
999 _c9674
_d9674